00506nam a2200193 a 4500001001300000003000900013005001700022008004100039020000900080082001500089100002100104245004200125260005900167300000900226500003500235505001000270650001100280700002100291nice12345678IN_TiNIC20260116012355.0050524s1983 bana grp 000 0 eng  ac2000a291.4bRAO aRao, R R Sundara aBhakti Theology in the Telugu Hymnal. aBangalorebChristian Instt.For Study of Religionc1983 a129p aincludes index and biblioraphy2 aIndex aBhakti1 aRao, R R Sundara